Online Catalogue and eLibrary

Sannivedana shabdakaraya (Record no. 1099)

MARC details
000 -LEADER
fixed length control field 00406nam a2200169Ia 4500
005 - DATE AND TIME OF LATEST TRANSACTION
control field 20250521024849.0
008 - FIXED-LENGTH DATA ELEMENTS--GENERAL INFORMATION
fixed length control field 240331s9999 xx 000 0 und d
020 ## - INTERNATIONAL STANDARD BOOK NUMBER
ISBN 95520170107
082 ## - DDC Classification
Class No. 302.203
Item Number - Author Mark MAH
100 ## - MAIN ENTRY--PERSONAL NAME
Personal name Mahendra, S
245 #0 - TITLE STATEMENT
Title Sannivedana shabdakaraya
260 ## - PUBLICATION, DISTRIBUTION, ETC.
Place of publication, distribution, etc. Colombo
Name of publisher, distributor, etc. S. Godage & Brothers
Date of publication, distribution, etc. 1997
300 ## - PHYSICAL DESCRIPTION
Extent (e.g. Volumes, Pages etc.) 354 p .,
650 ## - SUBJECT ADDED ENTRY--TOPICAL TERM
Topical term or geographic name entry element Media
650 ## - SUBJECT ADDED ENTRY--TOPICAL TERM
Topical term or geographic name entry element telecasting
942 ## - Koha item type (Biblio)
Koha item type Books in Stacks (Lending)
Holdings
Lost status Damaged status Collection code Home library Current library Shelving location Date acquired Full call number Accession Number Item type
    Lending WERC Library WERC Library Social Science Cupboard 03/31/2024 302.203 MAH 2321 Books in Stacks (Lending)

© WERC Library